Click to Translate - Anglish (Linguistic Purism in English) - Statistics

General Stats
  • This quiz has been taken 198 times
  • The average score is 11 of 20
Answer Stats
Hint Answer % Correct
hospital sickhouse
86%
Saturday Restday
83%
dictionary wordbook
82%
foreign land outland
78%
famous nameknown
76%
actor showplayer
76%
umbrella rainshade
74%
hydrogen waterstuff
74%
dignity worthiness
64%
television farseeer
63%
(chemical) element firststuff
48%
computer reckoner
48%
prince atheling
45%
second (ordinal number) other
43%
abolish fordo
41%
spirit mindset
28%
various sundry
27%
theory beholding
21%
conscience inwit
21%
atom uncleft
18%
No matching quizzes found
Score Distribution
Percent of People with Each Score
Percentile by Number Answered
Your Score History
You have not taken this quiz